000 01154nmm a2200337 a 4500
001 ocm0001083719
003 TR-IsHL
005 20201028151609.0
008 150709s2014 tu tur
007 cr cn
020 _a9789758514571
035 _a1083719
_b(N$T)
050 0 4 _aBP189.4
_bI6319 2014
090 0 4 _aBP189.4
_bI6319 2014
100 1 _aİmam Şarani
245 1 0 _aEvliyalar ansiklopedisi 1: Tabakat'ül Kübra
_h[electronic resource] /
_cİmam Şarani ; tercüme Abdulkadir Çiçek
260 _aİstanbul :
_bBedir Yayınları,
_c2014
300 _a819 p.
500 _aDizin var.
_x
650 4 _aFelsefe, Psikoloji ve Din
650 4 _aPhilosophy, Psychology and Religion
650 0 _aEvliyalar
_x Biyografi
650 0 _aMüslüman alimler
_x Biyografi
650 0 _aİslam
_x Evliyalar
_x Biyografi
650 0 _aMuslim saints
_x Biography
650 0 _aIslam
_x Saints
_x Biography
650 0 _aSaints
_x Biography
650 7 _aRELIGION / Islam / Sufi
_2bisacsh
700 1 _aÇiçek, Abdulkadir
856 4 0 _uhttp://search.ebscohost.com/login.aspx?direct=true&scope=site&db=e011xww&AN=1083719
999 _c11086
_d11086